Library Banner

(جرین)Jaren (Urdu) (Record no. 81612)

MARC details
000 -LEADER
fixed length control field 00641nam a2200205Ia 4500
001 - CONTROL NUMBER
control field 70562
003 - CONTROL NUMBER IDENTIFIER
control field OSt
005 - DATE AND TIME OF LATEST TRANSACTION
control field 20160418143955.0
008 - FIXED-LENGTH DATA ELEMENTS--GENERAL INFORMATION
fixed length control field 160116s9999||||xx |||||||||||||| ||und||
020 ## - INTERNATIONAL STANDARD BOOK NUMBER
International Standard Book Number NA
040 ## - CATALOGING SOURCE
Transcribing agency PK-LaUMT
082 ## - DEWEY DECIMAL CLASSIFICATION NUMBER
Classification number 954.2
Item number JAR-
110 ## - MAIN ENTRY--CORPORATE NAME
Corporate name or jurisdiction name as entry element University of Karachi
245 ## - TITLE STATEMENT
Title (جرین)Jaren (Urdu)
Statement of responsibility, etc (یونیورسٹی آف کراچی)University of Karachi
260 ## - PUBLICATION, DISTRIBUTION, ETC. (IMPRINT)
Place of publication, distribution, etc (کراچی، پاکستان)Karachi,Pakistan:
Name of publisher, distributor, etc (یونیورسٹی آف کراچی، )University of Karachi, Deptt. Applied Chemistry,
Date of publication, distribution, etc 2006
501 ## - WITH NOTE
With note 6 vols
546 ## - LANGUAGE NOTE
Language note UR
650 ## - SUBJECT ADDED ENTRY--TOPICAL TERM
Topical term or geographic name as entry element Lucknow-Uttar Pradesh
942 ## - ADDED ENTRY ELEMENTS (KOHA)
Koha item type Books
Source of classification or shelving scheme Dewey Decimal Classification
Holdings
Withdrawn status Lost status Source of classification or shelving scheme Damaged status Not for loan Home library Current library Date acquired Total Checkouts Full call number Barcode Date last seen Price effective from Koha item type Date checked out
    Dewey Decimal Classification     UMT Main Campus UMT Main Campus 2015-01-18   954.2 JAR- 97346 2016-01-19 2016-01-18 Books  
    Dewey Decimal Classification     UMT Main Campus UMT Main Campus 2016-01-19 1 954.2 JAR- 97347 2022-11-12 2016-01-19 Books 2022-11-08
    Dewey Decimal Classification     UMT Main Campus UMT Main Campus 2016-01-19   954.2 JAR- 97348 2016-01-19 2016-01-19 Books  
    Dewey Decimal Classification     UMT Main Campus UMT Main Campus 2016-01-19   954.2 JAR- 97349 2016-01-19 2016-01-19 Books  
    Dewey Decimal Classification     UMT Main Campus UMT Main Campus 2016-01-19   954.2 JAR- 97350 2016-01-19 2016-01-19 Books  
    Dewey Decimal Classification     UMT Main Campus UMT Main Campus 2016-01-19   954.2 JAR- 97351 2016-01-19 2016-01-19 Books